00549nam a2200205 a 4500001001300000003000900013005001700022008004100039020000900080082001700089100002500106245003900131260004700170300000900217500003500226505002400261650002300285650001000308700002500318nice12345678IN_TiNIC20260116011912.0050524s1970 isla grp 000 0 eng  ac1500a181.07bSID3 aSiddiqi, Mazheruddin aConcept of Muslim Culture in Iqbal aIslambadbIslamic Research Institutec1970 a144p aincludes index and biblioraphy2 aBibliography, Index aPhilosophy-Islamic aIqbal1 aSiddiqi, Mazheruddin